[Event "St.Petersburg Rapid 2017"]
[Site "St Petersburg RUS"]
[Date "2017.08.27"]
[Round "8.2"]
[White "Daniil Dubov"]
[Black "Alexey Sarana"]
[Result "1-0"]
[EventDate "?"]
[WhiteElo "2666"]
[BlackElo "2540"]
[PlyCount "58"]

1. Nf3 d5 2. d4 Nf6 3. c4 e6 4. g3 Bb4+ 5. Bd2 Be7 6. Bg2 c6 7. O-O O-O 8. Bf4 b6 9. Ne5 Nfd7 10. Nc3 Nxe5 11. dxe5 Bb7 12. Rc1 Na6 13. cxd5 cxd5 14. Nb5 Nc5 15. b4 Ne4 16. f3 a6 17. Nd4 Nc5 18. bxc5 bxc5 19. Nb3 Qb6 20. Be3 d4 21. Bf2 Rfd8 22. f4 Bd5 23. Bxd5 exd5 24. e3 d3 25. Qxd3 c4 26. Qd4 Qb4 27. Nd2 Bc5 28. Qc3 Qa4 29. Qc2 1-0

[Event "St.Petersburg Rapid 2017"]
[Site "St Petersburg RUS"]
[Date "2017.08.27"]
[Round "10.4"]
[White "Daniil Dubov"]
[Black "Evgeny Romanov"]
[Result "1-0"]
[EventDate "?"]
[WhiteElo "2666"]
[BlackElo "2626"]
[PlyCount "70"]

1. Nf3 Nf6 2. c4 b6 3. g3 Bb7 4. d4 g6 5. Nc3 Bg7 6. d5 O-O 7. Bg2 Na6 8. O-O Nc5 9. Qc2 c6 10. e4 cxd5 11. exd5 e6 12. Rd1 exd5 13. cxd5 Rc8 14. Nd4 Ba6 15. Ndb5 Bxb5 16. Nxb5 a6 17. Nd6 Rc7 18. Qe2 b5 19. Be3 Na4 20. Bd4 Nh5 21. Bxg7 Nxg7 22. Qe5 f6 23. Qd4 f5 24. Rac1 Qb8 25. Qe5 Rxc1 26. Rxc1 Nxb2 27. Qe7 Qd8 28. Qxd8 Rxd8 29. Nb7 Re8 30. d6 Ne6 31. Bd5 Nc4 32. Nc5 Nxd6 33. Nxd7 Kg7 34. Rc6 Rd8 35. Bxe6 1-0

[Event "St.Petersburg Rapid 2017"]
[Site "St Petersburg RUS"]
[Date "2017.08.27"]
[Round "9.2"]
[White "Pavel Ponkratov"]
[Black "Daniil Dubov"]
[Result "1-0"]
[EventDate "?"]
[WhiteElo "2590"]
[BlackElo "2666"]
[PlyCount "102"]

1. d4 Nf6 2. c4 g6 3. Nc3 d5 4. cxd5 Nxd5 5. e4 Nxc3 6. bxc3 Bg7 7. Be3 O-O 8. Nf3 c5 9. Be2 Qa5 10. O-O Rd8 11. Qb3 Qb6 12. Qa3 Nd7 13. e5 Nf8 14. Rfd1 Qc7 15. Ng5 Ne6 16. Ne4 b6 17. d5 Bb7 18. dxe6 Bxe4 19. exf7+ Kxf7 20. f4 Bc2 21. Re1 Bd3 22. Bf3 Rac8 23. Qb3+ c4 24. Qb5 e6 25. a4 Bf8 26. a5 Bc5 27. Bxc5 Qxc5+ 28. Qxc5 bxc5 29. a6 Rc7 30. Ra5 Rb8 31. Bb7 h6 32. Rb5 g5 33. fxg5 hxg5 34. Re3 Kg7 35. Rg3 Kh6 36. Rh3+ Kg7 37. Rg3 Kh6 38. Rf3 Bf5 39. h3 g4 40. hxg4 Bxg4 41. Rg3 Bf5 42. Kf2 Rd8 43. Bf3 Rd2+ 44. Kg1 Ra2 45. Rb7 Rh7 46. Rb8 Rxa6 47. Rbg8 Ra1+ 48. Kh2 Rf1 49. Be4 Rg7 50. R8xg7 Bxe4 51. R7g4 1-0

[Event "St.Petersburg Rapid 2017"]
[Site "St Petersburg RUS"]
[Date "2017.08.26"]
[Round "4.1"]
[White "Daniil Dubov"]
[Black "Pavel Potapov"]
[Result "1/2-1/2"]
[EventDate "?"]
[WhiteElo "2666"]
[BlackElo "2479"]
[PlyCount "162"]

1. c4 f5 2. Nf3 Nf6 3. g3 g6 4. Bg2 Bg7 5. O-O d6 6. d4 O-O 7. d5 c6 8. Nc3 e5 9. dxe6 Bxe6 10. Qd3 Re8 11. Bf4 Ne4 12. Nd4 Nxc3 13. bxc3 Na6 14. Nxe6 Rxe6 15. Be3 Nc5 16. Bxc5 dxc5 17. Qc2 Qf6 18. Rab1 Qxc3 19. Qxc3 Bxc3 20. Rb3 Bf6 21. Rxb7 Rxe2 22. Bxc6 Bd4 23. a4 a5 24. Rd1 Kh8 25. Kh1 Rf8 26. Rdb1 f4 27. Rd7 fxg3 28. fxg3 Bc3 29. Bf3 Rf2 30. Bd5 Bb4 31. Rd1 Re2 32. Rb7 Rfe8 33. Bf3 Rf2 34. Bc6 Re1+ 35. Rxe1 Bxe1 36. Bd5 Bc3 37. Rc7 Bd4 38. Ra7 Bc3 39. Re7 Bd4 40. h4 h6 41. Ra7 Bc3 42. Be4 Rf6 43. Kg2 Be1 44. Bf3 Bb4 45. Re7 Bc3 46. Be4 h5 47. Kh3 Kg8 48. Rc7 Bb4 49. g4 hxg4+ 50. Kxg4 Rd6 51. Bd5+ Kf8 52. Kf4 Rf6+ 53. Kg5 Rd6 54. Rf7+ Ke8 55. Ra7 Kf8 56. Rc7 Bd2+ 57. Kg4 Bb4 58. Rf7+ Ke8 59. Rf3 Ke7 60. Rf7+ Ke8 61. Rf2 Bc3 62. Kg5 Ke7 63. Rf7+ Ke8 64. Rc7 Bd2+ 65. Kg4 Bb4 66. Kf3 Kd8 67. Ra7 Ke8 68. Ke4 Rf6 69. Rh7 Kf8 70. Kd3 Rf4 71. Ke3 Rf6 72. Rc7 Be1 73. Kd3 Bb4 74. Be4 Rf4 75. Rh7 Rg4 76. Bd5 Be1 77. Rf7+ Ke8 78. Rc7 Bb4 79. Rh7 Be1 80. Ke2 Rxh4 81. Bf7+ Kf8 1/2-1/2

[Event "Russian Championship Higher League"]
[Site "Sochi RUS"]
[Date "2017.07.11"]
[Round "9"]
[White "Daniil Dubov"]
[Black "Andrei Belozerov"]
[Result "1-0"]
[EventDate "?"]
[WhiteElo "2658"]
[BlackElo "2512"]
[PlyCount "59"]

1. d4 d5 2. c4 c6 3. Nf3 Nf6 4. g3 Bg4 5. Ne5 Bh5 6. cxd5 cxd5 7. Nc3 Nc6 8. Qa4 Qb6 9. e4 e6 10. Bb5 Rc8 11. exd5 Nxd5 12. Nxd5 exd5 13. O-O Bd6 14. Re1 O-O 15. Nd7 Qd8 16. Nxf8 Qxf8 17. Bd2 a6 18. Bxc6 Rxc6 19. Qb3 Rc4 20. Qxb7 Rxd4 21. Rac1 Rxd2 22. Rc8 Bf3 23. Rxf8+ Bxf8 24. Qb3 Be4 25. f3 Bc5+ 26. Kh1 Rxb2 27. Rxe4 Rxb3 28. Re8+ Bf8 29. axb3 d4 30. Kg2 1-0

[Event "Russian Championship Higher League"]
[Site "Sochi RUS"]
[Date "2017.07.10"]
[Round "8"]
[White "Sergey Volkov"]
[Black "Daniil Dubov"]
[Result "1/2-1/2"]
[EventDate "?"]
[WhiteElo "2627"]
[BlackElo "2658"]
[PlyCount "83"]

1. d4 Nf6 2. Nf3 g6 3. c4 Bg7 4. Nc3 d5 5. Qb3 c6 6. cxd5 Nxd5 7. Nxd5 Qxd5 8. Qxd5 cxd5 9. e3 Nc6 10. Bd2 f6 11. Bb5 Bd7 12. Bc3 Kf7 13. Rc1 Rhc8 14. O-O Rc7 15. Rfd1 Rac8 16. h3 Bf8 17. Ne1 e6 18. Nd3 a6 19. Ba4 b5 20. Bb3 a5 21. a4 Nb4 22. Bxb4 Rxc1 23. Nxc1 Bxb4 24. axb5 Bxb5 25. Na2 Be2 26. Rc1 Rxc1+ 27. Nxc1 Bb5 28. Bc2 e5 29. Bd3 Bc6 30. Kf1 Ke6 31. Na2 Bd6 32. Nc3 exd4 33. exd4 Bf4 34. Ke2 Bc1 35. b3 Bb2 36. Kd2 Ba3 37. Ke3 Be8 38. Bb5 Bxb5 39. Nxb5 Bb4 40. Nc7+ Kd6 41. Ne8+ Ke7 42. Nc7 1/2-1/2

[Event "Russian Championship Higher League"]
[Site "Sochi RUS"]
[Date "2017.07.09"]
[Round "7"]
[White "Daniil Dubov"]
[Black "Evgeny Alekseev"]
[Result "1-0"]
[EventDate "?"]
[WhiteElo "2658"]
[BlackElo "2607"]
[PlyCount "79"]

1. d4 Nf6 2. c4 e6 3. Nf3 d5 4. Bg5 Bb4+ 5. Nbd2 dxc4 6. Qa4+ Nc6 7. e3 Bd7 8. Qc2 b5 9. a3 Be7 10. b3 cxb3 11. Nxb3 Rb8 12. Bd3 h6 13. Bh4 Nd5 14. Bg3 Bd6 15. O-O Bxg3 16. hxg3 O-O 17. e4 Nf6 18. Rfe1 Be8 19. Rad1 Rb6 20. Qc1 Ne7 21. Nc5 Nd7 22. Bb1 Qc8 23. d5 Nxc5 24. Qxc5 Ng6 25. e5 exd5 26. Nd4 Bd7 27. f4 Re8 28. e6 Bxe6 29. f5 Nf8 30. fxe6 Nxe6 31. Qc2 Ng5 32. Nc6 Rxe1+ 33. Rxe1 Kh8 34. Re5 Qd7 35. Rxg5 g6 36. Qb2+ Kh7 37. Ne5 Qe7 38. Rh5 Re6 39. Qd2 Kg8 40. Qxh6 1-0

[Event "Russian Championship Higher League"]
[Site "Sochi RUS"]
[Date "2017.07.08"]
[Round "6"]
[White "Aleksandr Shimanov"]
[Black "Daniil Dubov"]
[Result "1/2-1/2"]
[EventDate "?"]
[WhiteElo "2623"]
[BlackElo "2658"]
[PlyCount "54"]

1. d4 Nf6 2. Nf3 g6 3. Bg5 Bg7 4. Nbd2 O-O 5. c3 d5 6. e3 Nbd7 7. Be2 h6 8. Bf4 Nh5 9. Be5 Nxe5 10. Nxe5 Bxe5 11. dxe5 Ng7 12. O-O c6 13. c4 d4 14. Qb3 dxe3 15. Qxe3 Nf5 16. Qc3 Qd4 17. Nb3 Qxc3 18. bxc3 b6 19. Nd4 c5 20. Nxf5 Bxf5 21. Rfd1 Rfd8 22. Rxd8+ Rxd8 23. Rd1 Rxd1+ 24. Bxd1 Be6 25. Be2 Bf5 26. Bd1 Be6 27. Be2 Bf5 1/2-1/2

[Event "European Championship"]
[Site "Minsk BLR"]
[Date "2017.06.10"]
[Round "11.14"]
[White "Viktor Erdos"]
[Black "Daniil Dubov"]
[Result "1/2-1/2"]
[EventDate "2017.05.30"]
[WhiteElo "2614"]
[BlackElo "2660"]
[PlyCount "45"]

1. Nf3 c5 2. c4 Nf6 3. Nc3 d5 4. cxd5 Nxd5 5. Qa4+ Nc6 6. Ne5 Bd7 7. Nxd7 Qxd7 8. g3 Nb6 9. Qb5 g6 10. Bg2 Bg7 11. Bxc6 bxc6 12. Qxc5 h5 13. h4 O-O 14. d3 Nd5 15. Bd2 Rab8 16. Rb1 f5 17. O-O f4 18. Nxd5 cxd5 19. Bxf4 Rxf4 20. gxf4 Qg4+ 21. Kh1 Qxh4+ 22. Kg2 Qg4+ 23. Kh1 1/2-1/2

[Event "European Championship"]
[Site "Minsk BLR"]
[Date "2017.06.06"]
[Round "7.5"]
[White "Dimitrios Mastrovasilis"]
[Black "Daniil Dubov"]
[Result "1/2-1/2"]
[EventDate "2017.05.30"]
[WhiteElo "2580"]
[BlackElo "2660"]
[PlyCount "32"]

1. e4 c5 2. Nf3 Nc6 3. Bb5 g6 4. Bxc6 bxc6 5. O-O Bg7 6. Re1 Nh6 7. c3 O-O 8. h3 f5 9. e5 Nf7 10. d3 Ba6 11. Na3 Rb8 12. Nc4 d6 13. e6 Bxc4 14. dxc4 Ne5 15. Nxe5 dxe5 16. Be3 Rxb2 1/2-1/2

[Event "European Championship"]
[Site "Minsk BLR"]
[Date "2017.06.05"]
[Round "6.9"]
[White "Daniil Dubov"]
[Black "Arman Pashikian"]
[Result "1-0"]
[EventDate "2017.05.30"]
[WhiteElo "2660"]
[BlackElo "2603"]
[PlyCount "79"]

1. c4 e5 2. Nc3 Nf6 3. Nf3 Nc6 4. g3 d5 5. cxd5 Nxd5 6. Bg2 Nb6 7. O-O Be7 8. a3 O-O 9. b4 Be6 10. Rb1 f6 11. b5 Nd4 12. e3 Nxf3+ 13. Bxf3 c6 14. bxc6 bxc6 15. d4 exd4 16. exd4 Qd7 17. Re1 Nd5 18. Qb3 Rad8 19. Rb2 Bf7 20. Nxd5 Bxd5 21. Bxd5+ cxd5 22. Rbe2 Rf7 23. h4 Bf8 24. Bd2 Re7 25. Rxe7 Bxe7 26. h5 Kf7 27. Qd3 g6 28. Qf3 Rc8 29. hxg6+ hxg6 30. Qh1 Rg8 31. Re3 Qb7 32. Qh3 f5 33. Rc3 Bf6 34. Bf4 Rh8 35. Qg2 Qb1+ 36. Rc1 Qb3 37. g4 Re8 38. Qh1 Re7 39. Qh7+ Bg7 40. Bh6 1-0

[Event "European Championship"]
[Site "Minsk BLR"]
[Date "2017.06.03"]
[Round "5.19"]
[White "Pavel Ponkratov"]
[Black "Daniil Dubov"]
[Result "0-1"]
[EventDate "2017.05.30"]
[WhiteElo "2590"]
[BlackElo "2660"]
[PlyCount "88"]

1. d4 Nf6 2. c4 g6 3. Nc3 d5 4. Bg5 c5 5. Bxf6 exf6 6. Nxd5 cxd4 7. g3 Nc6 8. Bg2 Be6 9. Nh3 g5 10. f4 g4 11. Nf2 f5 12. Qa4 Bg7 13. Qa3 Bf8 14. Qb3 Rb8 15. Rd1 Bg7 16. Qa3 Ne7 17. O-O Bxd5 18. cxd5 O-O 19. d6 Nc8 20. e4 Nxd6 21. Qd3 fxe4 22. Nxe4 Re8 23. Rfe1 Qa5 24. a3 Re7 25. b4 Qf5 26. Kf2 Rc8 27. Nxd6 Rc2+ 28. Kf1 Rxe1+ 29. Kxe1 Qxd3 30. Rxd3 Rxg2 31. Rd2 Rg1+ 32. Kf2 Rh1 33. Kg2 Ra1 34. Re2 d3 35. Re8+ Bf8 36. Nc4 b5 37. Ne3 h5 38. Rd8 Rxa3 39. Nf5 f6 40. Kf2 Kf7 41. Nd4 Bxb4 42. Rd7+ Ke8 43. Rd5 d2 44. Nc6 Ra1 0-1

[Event "European Championship"]
[Site "Minsk BLR"]
[Date "2017.06.02"]
[Round "4.12"]
[White "Daniil Dubov"]
[Black "Peter Prohaszka"]
[Result "1/2-1/2"]
[EventDate "2017.05.30"]
[WhiteElo "2660"]
[BlackElo "2596"]
[PlyCount "84"]

1. c4 c6 2. Nf3 d5 3. g3 Bg4 4. Qb3 Qb6 5. Ne5 Be6 6. Bg2 f6 7. Nf3 Qxb3 8. axb3 dxc4 9. Nd4 Bd5 10. Bxd5 cxd5 11. Nc3 Nc6 12. Nxc6 bxc6 13. bxc4 dxc4 14. Ra4 e6 15. Rxc4 Kd7 16. Ne4 Nh6 17. d4 Nf7 18. Bf4 f5 19. Nc5+ Bxc5 20. Rxc5 g5 21. Bd2 Rhb8 22. Rc2 Rb3 23. O-O Rab8 24. Ra1 R8b7 25. Kg2 h6 26. Ra6 R3b6 27. Ra4 Rb3 28. h4 g4 29. h5 Rxb2 30. Rxa7 Rxc2 31. Rxb7+ Ke8 32. Rb8+ Ke7 33. Bb4+ Kf6 34. e3 Ng5 35. Rb7 Ne4 36. Be7+ Kf7 37. Bg5+ Kg8 38. Bxh6 Rxf2+ 39. Kg1 Rf3 40. Bf4 Nxg3 41. Rb8+ Kf7 42. Rb7+ Kg8 1/2-1/2

[Event "European Championship"]
[Site "Minsk BLR"]
[Date "2017.06.01"]
[Round "3.9"]
[White "Davit Jojua"]
[Black "Daniil Dubov"]
[Result "1/2-1/2"]
[EventDate "2017.05.30"]
[WhiteElo "2581"]
[BlackElo "2660"]
[PlyCount "41"]

1. d4 Nf6 2. c4 g6 3. Nc3 d5 4. Bg5 c5 5. Bxf6 exf6 6. cxd5 Qb6 7. e3 cxd4 8. Bb5+ Nd7 9. Qxd4 Qxd4 10. exd4 Be7 11. Nf3 O-O 12. O-O Rd8 13. Rfe1 Bf8 14. Bc4 Nb6 15. Bb3 a5 16. a4 Bf5 17. Nd2 Rac8 18. f3 Bd7 19. Nde4 f5 20. Nf6+ Kg7 21. Nxd7 1/2-1/2

[Event "European Championship"]
[Site "Minsk BLR"]
[Date "2017.05.30"]
[Round "1.31"]
[White "Jolanta Zawadzka"]
[Black "Daniil Dubov"]
[Result "0-1"]
[EventDate "2017.05.30"]
[WhiteElo "2419"]
[BlackElo "2660"]
[PlyCount "142"]

1. e4 c5 2. Nf3 Nc6 3. d4 cxd4 4. Nxd4 Nf6 5. Nc3 e5 6. Ndb5 d6 7. Bg5 a6 8. Na3 b5 9. Nd5 Be7 10. Bxf6 Bxf6 11. c3 Bg5 12. Nc2 Rb8 13. a4 bxa4 14. Ncb4 Nxb4 15. cxb4 Bd7 16. Bxa6 O-O 17. O-O Qe8 18. b3 axb3 19. Qxb3 Kh8 20. Bd3 Bd8 21. Ra6 Qe6 22. Rb1 Bc8 23. Ra7 Bb7 24. Bc4 Qg6 25. Re1 f5 26. exf5 Qxf5 27. Ra2 Rc8 28. f3 Qg5 29. Kh1 Qh4 30. Re4 Qh6 31. Ra1 Bh4 32. Rd1 Bg3 33. h3 Bf4 34. b5 Bg3 35. Rg4 Bf2 36. Qd3 Bd4 37. Bb3 Rc5 38. Qe4 Rc1 39. Qe1 Rfc8 40. f4 Rxd1 41. Qxd1 Be3 42. Kh2 Rc1 43. Qd3 Bg1+ 44. Kg3 Bxd5 45. Bxd5 exf4+ 46. Kf3 Qf6 47. Rxf4 Rc3 48. Rxf6 Rxd3+ 49. Ke2 Re3+ 50. Kf1 gxf6 51. Kxg1 Re5 52. Bc6 Rc5 53. Kf2 Kg7 54. Ke3 f5 55. Kd4 Kf6 56. Bd7 Ke7 57. Bc6 Kd8 58. Ke3 Rc4 59. Kd3 Ra4 60. b6 Rb4 61. b7 Kc7 62. Bd5 Rxb7 63. Bxb7 Kxb7 64. Ke3 d5 65. Kf4 d4 66. g4 fxg4 67. Kxg4 Kc6 68. Kf3 Kd5 69. Ke2 Ke4 70. h4 h5 71. Kd2 Kf4 0-1

[Event "Aeroflot Open"]
[Site "Moscow RUS"]
[Date "2017.03.01"]
[Round "9.10"]
[White "Ferenc Berkes"]
[Black "Daniil Dubov"]
[Result "1/2-1/2"]
[EventDate "2017.02.21"]
[WhiteElo "2648"]
[BlackElo "2661"]
[PlyCount "70"]

1. d4 g6 2. e4 d6 3. c4 e5 4. d5 Nd7 5. Nc3 h5 6. h4 Nc5 7. Nf3 Bh6 8. Bg5 f6 9. Bxh6 Nxh6 10. Qd2 a5 11. O-O-O Qe7 12. Kb1 Bd7 13. Ka1 a4 14. g3 Ng4 15. Ne1 f5 16. f3 Nf6 17. Nd3 fxe4 18. Nxc5 dxc5 19. fxe4 a3 20. b3 O-O 21. Qg5 Rf7 22. Be2 Kg7 23. Rdf1 Raf8 24. Qc1 Bg4 25. Bd3 Ne8 26. Rxf7+ Rxf7 27. Rf1 Nd6 28. Kb1 Rxf1 29. Qxf1 g5 30. hxg5 Qxg5 31. Qf2 b6 32. Kc2 Bd7 33. Nb1 Be8 34. Nxa3 Bg6 35. Qf3 h4 1/2-1/2

[Event "Aeroflot Open"]
[Site "Moscow RUS"]
[Date "2017.02.28"]
[Round "8.9"]
[White "Daniil Dubov"]
[Black "Alireza Firouzja"]
[Result "1/2-1/2"]
[EventDate "2017.02.21"]
[WhiteElo "2661"]
[BlackElo "2465"]
[PlyCount "248"]

1. e4 c5 2. Nf3 d6 3. d4 cxd4 4. Nxd4 Nf6 5. Nc3 a6 6. g3 g6 7. Bg2 Bg7 8. O-O O-O 9. b3 Bg4 10. Qd2 Nc6 11. Nxc6 bxc6 12. Bb2 Qc8 13. Na4 Rb8 14. Rfe1 Rd8 15. c4 Bh3 16. Bh1 e5 17. c5 dxc5 18. Qc2 Nd7 19. Bf3 Qc7 20. Be2 a5 21. Bc1 Be6 22. Bg5 Re8 23. Rac1 Bf8 24. Red1 Rb4 25. Bd2 Rd4 26. Be3 Rxd1+ 27. Rxd1 Rd8 28. Bg5 Rb8 29. Bd2 Rd8 30. Rc1 Ra8 31. Kg2 Be7 32. Be3 Rd8 33. Bc4 Bxc4 34. Qxc4 Nb6 35. Nxb6 Qxb6 36. Bxc5 Bxc5 37. Qxc5 Qxc5 38. Rxc5 a4 39. Rxc6 axb3 40. axb3 Rd3 41. Rb6 Kg7 42. g4 h5 43. g5 Rd4 44. f3 Rd2+ 45. Kg3 Rb2 46. h3 Rc2 47. Rb4 Rb2 48. Rb5 Kf8 49. Kh4 Rf2 50. Rb8+ Kg7 51. Kg3 Rb2 52. h4 Rc2 53. Rb5 Rb2 54. b4 Kf8 55. Rxe5 Rxb4 56. Rd5 Rb1 57. Rd8+ Kg7 58. Rd3 Re1 59. Rd2 Kf8 60. Rd4 Kg7 61. Kf2 Rh1 62. Kg2 Ra1 63. f4 Ra2+ 64. Kf3 Ra3+ 65. Kf2 Ra2+ 66. Ke3 Ra3+ 67. Rd3 Ra4 68. Rc3 Rb4 69. Kd3 Ra4 70. Rc7 Kg8 71. Rc4 Ra3+ 72. Rc3 Ra4 73. Rc7 Rb4 74. Rc4 Rb3+ 75. Rc3 Rb4 76. Ra3 Kh7 77. Ke3 Kg7 78. Kf3 Rc4 79. Re3 Rc1 80. Kg2 Rc5 81. Kg3 Ra5 82. Rd3 Ra4 83. Kf3 Rb4 84. Ke3 Ra4 85. Rd7 Kg8 86. Rb7 Rc4 87. Ra7 Rb4 88. Kd3 Kf8 89. Rc7 Kg8 90. Re7 Kf8 91. Re5 Kg7 92. f5 gxf5 93. Rxf5 Rb6 94. Rf4 Ra6 95. e5 Ra1 96. Ke4 Rh1 97. Kf5 Re1 98. Rc4 Rh1 99. e6 Rf1+ 100. Ke5 fxe6 101. Rf4 Re1+ 102. Re4 Ra1 103. Kxe6 Kg6 104. Rf4 Ra6+ 105. Ke5 Ra5+ 106. Ke4 Ra4+ 107. Kf3 Ra3+ 108. Kg2 Ra6 109. Kg3 Rb6 110. Re4 Ra6 111. Kf4 Rb6 112. Rd4 Ra6 113. Ke5 Ra5+ 114. Rd5 Ra4 115. Rd6+ Kg7 116. Rd4 Ra5+ 117. Rd5 Ra1 118. Rd7+ Kg6 119. Rd6+ Kg7 120. Rh6 Ra5+ 121. Kf4 Ra4+ 122. Kg3 Ra3+ 123. Kf2 Ra4 124. Rxh5 Ra6 1/2-1/2

[Event "Aeroflot Open"]
[Site "Moscow RUS"]
[Date "2017.02.27"]
[Round "7.8"]
[White "Rinat Jumabayev"]
[Black "Daniil Dubov"]
[Result "1/2-1/2"]
[EventDate "2017.02.21"]
[WhiteElo "2611"]
[BlackElo "2661"]
[PlyCount "125"]

1. e4 g6 2. d4 d6 3. c4 e5 4. Nf3 Bg4 5. Be2 Bxf3 6. Bxf3 Nc6 7. d5 Nd4 8. Be3 Nxf3+ 9. Qxf3 Bh6 10. Nc3 Bxe3 11. Qxe3 Nf6 12. h4 Qe7 13. O-O-O Ng4 14. Qe2 h5 15. f3 Nf6 16. Kb1 a6 17. Rc1 Nd7 18. Qc2 Kf8 19. Nd1 c5 20. dxc6 bxc6 21. Ne3 Nc5 22. Rcd1 Ne6 23. Qc3 Kg7 24. c5 Nxc5 25. Nc4 Rhd8 26. Rd2 Rab8 27. Rhd1 Nb7 28. g3 Qe6 29. f4 f6 30. f5 gxf5 31. Ne3 fxe4 32. Qxc6 Qe8 33. Qxa6 Nc5 34. Qe2 Qg6 35. Rf1 d5 36. Rxd5 Rxd5 37. Nxd5 e3+ 38. Qc2 Qd3 39. Rd1 Qxc2+ 40. Kxc2 e2 41. Re1 Na4 42. b3 Rc8+ 43. Kd2 Rd8 44. bxa4 Rxd5+ 45. Kc3 Rd4 46. a5 Ra4 47. Rxe2 Kf7 48. Kb3 Rxa5 49. a4 Ke6 50. Kb4 Ra8 51. a5 Kd5 52. Rf2 e4 53. Rxf6 Rc8 54. Rf7 e3 55. a6 Ke4 56. a7 e2 57. Kb5 Ke3 58. Re7+ Kf2 59. Rf7+ Kxg3 60. Re7 Kf2 61. Rf7+ Ke1 62. Rb7 Kf2 63. Rf7+ 1/2-1/2

[Event "Aeroflot Open"]
[Site "Moscow RUS"]
[Date "2017.02.26"]
[Round "6.7"]
[White "Daniil Dubov"]
[Black "Vladislav Kovalev"]
[Result "1/2-1/2"]
[EventDate "2017.02.21"]
[WhiteElo "2661"]
[BlackElo "2598"]
[PlyCount "71"]

1. e4 e5 2. Nf3 Nc6 3. Bb5 a6 4. Ba4 Nf6 5. O-O Be7 6. Re1 b5 7. Bb3 d6 8. a4 b4 9. a5 O-O 10. c3 Rb8 11. Bc4 Nxe4 12. Bd5 Nxf2 13. Kxf2 Nxa5 14. cxb4 c6 15. Ba2 Rxb4 16. d4 exd4 17. Kg1 d5 18. Bd2 Be6 19. Bxb4 Bxb4 20. Nxd4 Bxe1 21. Qxe1 Qb6 22. Qf2 c5 23. Nf3 Rb8 24. Nc3 c4 25. Nd4 Qxb2 26. Rb1 Qxf2+ 27. Kxf2 Rxb1 28. Bxb1 g6 29. Na2 Nb7 30. Ke3 Kf8 31. Nc6 Ke8 32. Kd4 Kd7 33. Ncb4 Kd6 34. Nc3 Nd8 35. Bc2 Bh3 36. Nbxd5 1/2-1/2

[Event "Aeroflot Open"]
[Site "Moscow RUS"]
[Date "2017.02.25"]
[Round "5.7"]
[White "Sunilduth Lyna Narayanan"]
[Black "Daniil Dubov"]
[Result "1/2-1/2"]
[EventDate "2017.02.21"]
[WhiteElo "2524"]
[BlackElo "2661"]
[PlyCount "109"]

1. d4 Nf6 2. c4 e6 3. Nf3 d5 4. Nc3 Bb4 5. cxd5 exd5 6. Bf4 c6 7. Rc1 Bf5 8. e3 O-O 9. Qb3 Qb6 10. Be2 Be7 11. Nd2 Nbd7 12. h3 Bg6 13. O-O a5 14. Qxb6 Nxb6 15. Bc7 Nfd7 16. Rfe1 Rfc8 17. Bg3 Re8 18. a3 Bf8 19. Bf1 a4 20. e4 dxe4 21. Ndxe4 Re6 22. Nd2 Bf5 23. Nc4 Rxe1 24. Rxe1 Nxc4 25. Bxc4 b5 26. Be2 b4 27. axb4 Bxb4 28. Rc1 a3 29. bxa3 Rxa3 30. Nd1 Be4 31. Bf4 Nb6 32. Ne3 Bd2 33. Rd1 Ra2 34. Bf1 h6 35. f3 Bg6 36. Nd5 Nxd5 37. Bxd2 Ra4 38. Be1 Ne3 39. Rc1 Nxf1 40. Kxf1 Bd3+ 41. Kg1 Bc4 42. Bf2 Bd5 43. h4 Ra2 44. Re1 f6 45. Re7 g5 46. hxg5 hxg5 47. Re3 Kf7 48. g4 Rd2 49. Ra3 f5 50. gxf5 Kf6 51. Re3 Ra2 52. Bg3 Kxf5 53. Be5 Rc2 54. Bd6 Rd2 55. Be5 1/2-1/2

[Event "Aeroflot Open"]
[Site "Moscow RUS"]
[Date "2017.02.24"]
[Round "4.13"]
[White "Daniil Dubov"]
[Black "Alexandr Predke"]
[Result "1-0"]
[EventDate "2017.02.21"]
[WhiteElo "2661"]
[BlackElo "2573"]
[PlyCount "91"]

1. e4 c5 2. Nf3 d6 3. d4 cxd4 4. Nxd4 Nf6 5. Nc3 Nc6 6. Bg5 e6 7. Qd2 Be7 8. O-O-O Nxd4 9. Qxd4 O-O 10. h4 Bd7 11. Qd2 Bc6 12. f3 a6 13. Ne2 Rc8 14. Nd4 Nd7 15. Kb1 Bf6 16. g4 d5 17. f4 Nc5 18. e5 Be7 19. Qe3 f6 20. Nxe6 d4 21. Nxd8 dxe3 22. Nxc6 Rxc6 23. exf6 Bxf6 24. Re1 Re8 25. Rh3 Ne4 26. Bxf6 Rxf6 27. Kc1 Nf2 28. Rhxe3 Rxe3 29. Rxe3 Nxg4 30. Re4 Rh6 31. Rb4 b5 32. a4 Ne3 33. axb5 Nxf1 34. b6 Re6 35. c4 Re1+ 36. Kc2 Re8 37. b7 Rb8 38. c5 Ne3+ 39. Kb3 Nd5 40. c6 Kf7 41. Kc4 Ke6 42. Kc5 Nxb4 43. c7 Nd3+ 44. Kb6 Rxb7+ 45. Kxb7 Nc5+ 46. Kc6 1-0

[Event "Aeroflot Open"]
[Site "Moscow RUS"]
[Date "2017.02.23"]
[Round "3.8"]
[White "Martin Kraemer"]
[Black "Daniil Dubov"]
[Result "1/2-1/2"]
[EventDate "2017.02.21"]
[WhiteElo "2571"]
[BlackElo "2661"]
[PlyCount "53"]

1. e4 e5 2. Nf3 Nc6 3. Bb5 a6 4. Ba4 Nf6 5. O-O Be7 6. Re1 b5 7. Bb3 O-O 8. a4 Bb7 9. d3 d5 10. axb5 axb5 11. Rxa8 Bxa8 12. exd5 Nxd5 13. Nxe5 Nd4 14. Nc3 Nxb3 15. cxb3 Nxc3 16. bxc3 Qd5 17. Nf3 Bd6 18. h3 Rd8 19. c4 bxc4 20. bxc4 Qh5 21. Bb2 c5 22. Nd2 Qg6 23. Qg4 Bf8 24. Qxg6 hxg6 25. Re3 f5 26. f4 Bd6 27. Be5 1/2-1/2

[Event "Aeroflot Open"]
[Site "Moscow RUS"]
[Date "2017.02.22"]
[Round "2.22"]
[White "Daniil Dubov"]
[Black "Alejandro Ramirez Alvarez"]
[Result "1-0"]
[EventDate "2017.02.21"]
[WhiteElo "2661"]
[BlackElo "2549"]
[PlyCount "71"]

1. d4 Nf6 2. c4 c5 3. d5 b5 4. cxb5 a6 5. Nc3 axb5 6. e4 b4 7. Nb5 d6 8. a4 bxa3 9. Rxa3 Rxa3 10. bxa3 e6 11. Qa4 Qd7 12. dxe6 fxe6 13. Nxd6+ Ke7 14. Nxc8+ Qxc8 15. e5 Nd5 16. Nf3 Nc6 17. Qh4+ Kf7 18. Bc4 Be7 19. Qh3 Na5 20. Bd3 Nb3 21. Bg5 Qd8 22. O-O Bxg5 23. Qh5+ g6 24. Nxg5+ Ke7 25. Qg4 Nc7 26. Qf3 Rf8 27. Qh3 h5 28. Bxg6 Nd2 29. Qh4 Kd7 30. Qa4+ Kc8 31. Ne4 Nxe4 32. Bxe4 Qd2 33. Qc6 Qd4 34. Bf3 Qxe5 35. Rd1 Qb2 36. Qxc5 1-0

[Event "Aeroflot Open"]
[Site "Moscow RUS"]
[Date "2017.02.21"]
[Round "1.16"]
[White "Alexander Huzman"]
[Black "Daniil Dubov"]
[Result "1/2-1/2"]
[EventDate "2017.02.21"]
[WhiteElo "2552"]
[BlackElo "2661"]
[PlyCount "74"]

1. Nf3 g6 2. d4 Nf6 3. g3 d5 4. Bg2 Bg7 5. O-O O-O 6. Bf4 Nc6 7. c3 Re8 8. Na3 Bg4 9. Ne5 Nxe5 10. Bxe5 Qd7 11. f3 Be6 12. Qd2 Rac8 13. Rfd1 Bh3 14. Bh1 Red8 15. Nc2 Qe8 16. Nb4 c5 17. dxc5 Rxc5 18. f4 a5 19. Nc2 Rcc8 20. Nd4 Bf8 21. Bxf6 exf6 22. Bf3 Bc5 23. Kh1 h5 24. Qe1 b5 25. a3 Rc7 26. Rd3 Re7 27. b4 Bb6 28. Ra2 Ra7 29. Rad2 axb4 30. axb4 Kg7 31. Rd1 Ra3 32. Qd2 Rd6 33. Re3 Qa8 34. Bg2 Ra2 35. Qd3 Bd7 36. h3 Ra1 37. Kh2 Rxd1 1/2-1/2

[Event "World Blitz Championship"]
[Site "Doha QAT"]
[Date "2016.12.30"]
[Round "13.3"]
[White "Daniil Dubov"]
[Black "Vassily Ivanchuk"]
[Result "1-0"]
[EventDate "2016.12.29"]
[WhiteElo "2660"]
[BlackElo "2747"]
[PlyCount "73"]

1. c4 e6 2. Nc3 f5 3. g3 Nf6 4. Nf3 Bb4 5. Na4 Be7 6. Bg2 d6 7. d4 Ne4 8. O-O O-O 9. b3 Bd7 10. Qc2 Bf6 11. Bb2 Bxa4 12. bxa4 Nc6 13. Rab1 Rb8 14. Ba1 b6 15. d5 Bxa1 16. Rxa1 Nb4 17. Qb2 a5 18. Nd4 Qf6 19. Rab1 e5 20. Ne6 Nc5 21. Nxc5 bxc5 22. a3 Nc6 23. Qd2 Ne7 24. Qxa5 Ra8 25. Qxc7 Rfc8 26. Qd7 e4 27. Rb7 Kf8 28. Rb6 Rd8 29. Qb5 Ra7 30. a5 Rda8 31. a6 Nc8 32. Rb8 Qd8 33. Rxa8 Rxa8 34. Rb1 Qc7 35. Qb7 Ra7 36. Qxc7 Rxc7 37. Rb7 1-0

[Event "World Blitz Championship"]
[Site "Doha QAT"]
[Date "2016.12.30"]
[Round "14.3"]
[White "Alexander Morozevich"]
[Black "Daniil Dubov"]
[Result "1/2-1/2"]
[EventDate "2016.12.29"]
[WhiteElo "2676"]
[BlackElo "2660"]
[PlyCount "24"]

1. e4 e5 2. Nf3 Nc6 3. Nc3 Nf6 4. d4 exd4 5. Nxd4 Bb4 6. Nxc6 bxc6 7. Bd3 O-O 8. O-O d5 9. exd5 cxd5 10. h3 c6 11. Qf3 Bd6 12. Bf4 Qc7 1/2-1/2